000 00623nam a2200193 a 4500
003 BD-DhJNU
005 20250811050247.0
008 160329s2016 bg b 001 0 eng d
020 _a9789848815243
040 _aBD-DhJNU
_bENG
_cBD-DhJNU
_dBD-DhJNU
082 0 4 _a954.92 MUH
_223
100 1 _aMuhith, A. M. A.
245 1 0 _aHistory of Bangladesh :
_ba subcontinental civilisation /
_cAbul Maal A Muhith.
264 1 _aDhaka, Bangladesh :
_bUniversity Press Limited,
_c2016.
300 _axxi, 458 pages ;
_c23 cm
504 _aIncludes bibliographical references and index.
651 0 _aBangladesh
_xHistory.
942 _cBK
999 _c1981
_d1981